| 000 | 00821cab a2200253 4500 | ||
|---|---|---|---|
| 001 | ABS51971 | ||
| 008 | 090401t1995 xxu||||| |||| 00| 0 eng d | ||
| 035 | _a(Sirsi) u53357 | ||
| 041 | _aeng | ||
| 100 | _aHighfield, D. | ||
| 245 | _aBehind the facade | ||
| 260 | _c1995 | ||
| 350 | _a0 | ||
| 490 |
_aChartered Builder _v6(10) December 1994/January 1995, 19-21(3) |
||
| 520 | _aExamines facade retention as a means of preserving historic buildings while adapting them for modern use and compares conservation legislation and the protection of historic buildings in the UK and USA. | ||
| 650 | _aFACADE RETENTION | ||
| 650 | _aHISTORIC BUILDINGS | ||
| 650 | _aUNITED STATES | ||
| 650 | _aWASHINGTON DC | ||
| 690 | _aCONSERVATION | ||
| 690 | _aOVERSEAS-NORTH AMERICA | ||
| 942 | _n0 | ||
| 948 | _c04/03/1997 | ||
| 999 |
_c32897 _d32897 |
||